Russell On The Law Of Arbitration (Record no. 1235004)

MARC details
000 -LEADER
fixed length control field 00521nam a2200193Ia 4500
008 - FIXED-LENGTH DATA ELEMENTS--GENERAL INFORMATION
fixed length control field 151121s9999||||xx |||||||||||||| ||und||
082 ## - DEWEY DECIMAL CLASSIFICATION NUMBER
Classification number 341।52/Whi
082 ## - DEWEY DECIMAL CLASSIFICATION NUMBER
Item number HNW-50202
100 ## - MAIN ENTRY--PERSONAL NAME
Personal name White & Walton
245 ## - TITLE STATEMENT
Title Russell On The Law Of Arbitration
260 ## - PUBLICATION, DISTRIBUTION, ETC. (IMPRINT)
Name of publisher, distributor, etc "Stevens & Sons Ltd।, London।"
260 ## - PUBLICATION, DISTRIBUTION, ETC. (IMPRINT)
Date of publication, distribution, etc --
300 ## - PHYSICAL DESCRIPTION
Extent 438
600 ## - SUBJECT ADDED ENTRY--PERSONAL NAME
Personal name White & Walton
630 ## - SUBJECT ADDED ENTRY--UNIFORM TITLE
Uniform title Russell On The Law Of Arbitration
700 ## - ADDED ENTRY--PERSONAL NAME
Personal name White & Walton
730 ## - ADDED ENTRY--UNIFORM TITLE
Uniform title Russell On The Law Of Arbitration
942 ## - ADDED ENTRY ELEMENTS (KOHA)
Koha item type Book
Holdings
Withdrawn status Lost status Damaged status Not for loan Home library Current library Date acquired Total Checkouts Full call number Barcode Date last seen Price effective from Koha item type
        Hirachand Nemchand Wachanalaya, Solapur Hirachand Nemchand Wachanalaya, Solapur 11/21/2015   HNW-50202 HNW-50202 11/21/2015 11/21/2015 Book